000 02509nam a2200337Ia 4500
999 _c54072
_d54072
001 21126
003 GE_BSU
005 20250310114025.0
008 181216s2016||||ge |||||||||||||| ||geo||
040 _cGE_BSU
041 _ageo
080 _a27-36 წ-71
245 _aწმინდა ზოსიმე პალესტინელი ; ღირსი მარიამ მეგვიპტელი ; წმინდა მოწამე ირინე ; წმინდა ტრიფონი ; წმინდა პოლიქრონიოსი ; წმინდა მოკიოსი ; წმინდა თეოდორე სტრატილატი /
_cშემდგენელი კახაბერ კენკიშვილი ; გარეკანის დიზაინი რატი თორდია.
264 _aთბილისი :
_bპალიტრა L,
_c2016.
300 _a168 გვ. ;
_c20 სმ.
490 _aსაქართველოს იმედი II : ყველა წმინდანი, რომელთა შესახებაც უნდა იცოდე, 2298-0547 / პროექტის რედაქტორი თამარ მამაცაშვილი ;
_v წიგნი 50
500 _aიბეჭდება სრ. საქართველოს კათოლიკოს-პატრიარქის, უწმინდესისა და უნეტარესის ილია II-ის ლოცვა-კურთხევით
541 _h2 ლ.
653 _aრელიგია
653 _aწმინდა ზოსიმე პალესტინელი
653 _aღირსი მარიამ ეგვიპტელი
653 _aწმინდა მოწამე ირინე
653 _a წმინდა ტრიფონი
653 _a წმინდა პოლიქრონიოსი
653 _aწმინდა მოკიოსი
653 _a წმინდა თეოდორე სტრატილატი
700 _aკენკიშვილი, კახაბერ , .
_eშემდგენელი
_924495
700 _aმამაცაშვილი, თამარ
_eპროექტის რედაქტორი
_924496
700 _aთორდია, რატი
_eდიზაინერი
_917902
942 _cBK
_2udc